| 000 | 00487cam a2200193ua 4500 | ||
|---|---|---|---|
| 001 | 460 | ||
| 008 | 110406n ii |||gr||||Z||||||eng | ||
| 020 | _a0-7069-0365-x | ||
| 040 | _cMAIN | ||
| 082 | _a320.513 | ||
| 245 |
_aModern political theory. : _bcritical study. / _cBy S. P. Varma. |
||
| 250 | _a1st. | ||
| 260 |
_aNew Delhi.: _bVikash publishing.,976. |
||
| 300 | _ax, 447 p.:6 cm. | ||
| 653 | _aPolitical science. | ||
| 653 | _aTheory. | ||
| 700 | 1 | _aVarma, S P., | |
| 942 | _cBK | ||
| 999 |
_c403 _d403 |
||